Couldn't Make It Any Harder (Lyrics)- Sabrina Carpenter - Statistics

General Stats
  • This quiz has been taken 62 times
    55 since last reset
  • The average score is 145 of 192
Answer Stats
Answer % Correct
I
100%
you
100%
You
100%
me
94%
my
94%
to
94%
Your
94%
your
94%
And
88%
any
88%
but
88%
But
88%
couldn't
88%
hard
88%
harder
88%
it
88%
love
88%
make
88%
Oh
88%
the
88%
you're
88%
are
81%
be
81%
can
81%
don't
81%
no
81%
not
81%
so
81%
arms
75%
as
75%
for
75%
heart
75%
I'd
75%
in
75%
is
75%
know
75%
let
75%
meet
75%
what
75%
you'll
75%
You'll
75%
can't
69%
eager
69%
give
69%
how
69%
I'm
69%
just
69%
never
69%
of
69%
reachin'
69%
tell
69%
than
69%
Well
69%
will
69%
am
63%
'Cause
63%
Meeting
63%
say
63%
that
63%
throbbing
63%
touch
63%
frustrated
56%
kind
56%
now
56%
take
56%
thank
56%
them
56%
this
56%
version
56%
was
56%
with
56%
easier
50%
easy
50%
full
50%
glass
50%
graveyard
50%
half
50%
look
50%
nice
50%
one
50%
stomach
50%
they
50%
tryna
50%
Would've
50%
comments
44%
Filled
44%
folded
44%
formative
44%
Fuckboys
44%
goddamn
44%
Meanwhile
44%
reactionary
44%
should
44%
why
44%
emotion
38%
makes
38%
someone
38%
want
38%
believe
31%
day
31%
Heard
31%
pivotal
31%
No matching quizzes found
Score Distribution
Percent of People with Each Score
Percentile by Number Answered
Your Score History
You have not taken this quiz since the last reset